[Event "Russia vs The Rest of the World"]
[Site "Moscow RUS"]
[Date "2002.09.11"]
[EventDate "2002.09.08"]
[Round "10"]
[Result "1-0"]
[White "Teimour Radjabov"]
[Black "Vadim Zvjaginsev"]
[WhiteElo "2610"]
[BlackElo "2673"]
[PlyCount "75"]

1. Nf3 e6 2. b3 Nf6 3. Bb2 d5 4. e3 Nbd7 5. d4 Bb4+ 6. Nbd2
Ne4 7. c4 Qf6 8. Qe2 dxc4 9. bxc4 O-O 10. Rg1 b5 11. cxb5 a6
12. a3 Ba5 13. O-O-O Nxd2 14. Nxd2 Bb7 15. Nb3 axb5 16. Qc2 c6
17. Bd3 h6 18. g4 Bc7 19. d5 Be5 20. dxe6 Bxb2+ 21. Qxb2 fxe6
22. f4 Qe7 23. g5 h5 24. Qc2 Qxa3+ 25. Kd2 Qb4+ 26. Ke2 Kh8
27. Rg3 Ra3 28. Rh3 Rxb3 29. Rxh5+ Kg8 30. Bh7+ Kf7 31. Rxd7+
Ke8 32. Rd4 Qa3 33. Qd2 Bc8 34. Bg6+ Ke7 35. Rh7 Rg8 36. Rd8
Rxe3+ 37. Kf2 Rf3+ 38. Kg2 1-0

[Event "FIDE GP"]
[Site "Dubai UAE"]
[Date "2002.04.05"]
[EventDate "2002.04.03"]
[Round "3.1"]
[Result "0-1"]
[White "Vassily Ivanchuk"]
[Black "Teimour Radjabov"]
[WhiteElo "2717"]
[BlackElo "2599"]
[PlyCount "74"]

1. d4 Nf6 2. c4 g6 3. Nc3 Bg7 4. e4 d6 5. Nf3 O-O 6. Be2 e5
7. O-O Nc6 8. d5 Ne7 9. Ne1 Nd7 10. Nd3 f5 11. Bd2 Kh8 12. Rc1
Nf6 13. f3 c5 14. Rb1 f4 15. b4 b6 16. bxc5 bxc5 17. g4 g5
18. Kf2 Ng6 19. h3 h5 20. Qa4 Qe7 21. Ke1 Nh4 22. Rf2 hxg4
23. hxg4 Nxg4 24. fxg4 f3 25. Bf1 Bxg4 26. Rh2 Bh5 27. Kf2 Rf4
28. Bh3 g4 29. Rg1 gxh3 30. Rxh3 Rg4 31. Rxg4 Bxg4 32. Rg3 Bd7
33. Qd1 Bf6 34. Qg1 Rf8 35. Nd1 Ng2 36. Qh2+ Bh4 37. Bg5 Qxg5
0-1

[Event "Hotel Bali Stars"]
[Site "Benidorm ESP"]
[Date "2003.11.29"]
[EventDate "2003.11.27"]
[Round "11"]
[Result "1-0"]
[White "Teimour Radjabov"]
[Black "Judit Polgar"]
[WhiteElo "2650"]
[BlackElo "2722"]
[PlyCount "79"]

1. d4 Nf6 2. Bg5 Ne4 3. Bf4 d5 4. e3 c5 5. Bd3 Nc6 6. Bxe4
dxe4 7. d5 e5 8. Bg3 Ne7 9. Nc3 Ng6 10. h4 h5 11. f3 Be7
12. Nxe4 f5 13. Nc3 Bxh4 14. Bxh4 Nxh4 15. Qd2 Qg5 16. Nh3
Qg3+ 17. Qf2 f4 18. Nxf4 Nxf3+ 19. gxf3 exf4 20. Qxg3 fxg3
21. Ne4 h4 22. Nxg3 O-O 23. Rxh4 Rxf3 24. Ne4 Bf5 25. Ke2 Bxe4
26. Rxe4 Raf8 27. Kd3 b5 28. Re7 R8f7 29. Re8+ Rf8 30. Rxf8+
Kxf8 31. a4 b4 32. Kc4 Rxe3 33. Kxc5 Re2 34. c4 Rxb2 35. Kc6
b3 36. d6 Rd2 37. d7 b2 38. Rf1+ Ke7 39. Re1+ Kf7 40. Kc7 1-0

[Event "6th European Individual Championship"]
[Site "Warsaw POL"]
[Date "2005.06.26"]
[EventDate "2005.06.18"]
[Round "8"]
[Result "1-0"]
[White "Teimour Radjabov"]
[Black "Arkadi Naiditsch"]
[WhiteElo "2673"]
[BlackElo "2626"]
[PlyCount "51"]

1. e4 e5 2. Nf3 Nc6 3. Bc4 Nf6 4. Ng5 d5 5. exd5 Na5 6. Bb5+
c6 7. dxc6 bxc6 8. Be2 h6 9. Nf3 e4 10. Ne5 Bd6 11. d4 exd3
12. Nxd3 Qc7 13. b3 O-O 14. Bb2 Ne4 15. Nc3 Bf5 16. h3 Rad8
17. O-O c5 18. Bf3 Ng5 19. Nd5 Qd7 20. h4 Ne6 21. Ne5 Qe8
22. Re1 Bb8 23. Qd2 Qb5 24. c4 Qa6 25. Bc3 Nb7 26. Nc6 1-0

[Event "6th European Individual Championship"]
[Site "Warsaw POL"]
[Date "2005.06.30"]
[EventDate "2005.06.18"]
[Round "12"]
[Result "1-0"]
[White "Teimour Radjabov"]
[Black "Vadim Milov"]
[WhiteElo "2673"]
[BlackElo "2653"]
[PlyCount "87"]

1. d4 Nf6 2. c4 g6 3. Nc3 Bg7 4. e4 d6 5. h3 O-O 6. Be3 Na6
7. Nf3 e5 8. dxe5 dxe5 9. c5 Nb4 10. Qa4 a5 11. Rd1 Qe7 12. a3
Nc6 13. Be2 Bd7 14. Qc2 Rfd8 15. O-O Be6 16. Bb5 Na7 17. Ba4
Bc4 18. Rfe1 c6 19. Bb3 Be6 20. Bxe6 Qxe6 21. Rxd8+ Rxd8
22. Qa4 Rd7 23. Qxa5 Nb5 24. Nxb5 cxb5 25. Bg5 Nh5 26. Qxb5 h6
27. Bd2 Nf4 28. Bxf4 exf4 29. e5 g5 30. b4 Bf8 31. Qe2 Qb3
32. Qe4 Re7 33. h4 g4 34. Nd2 Qxa3 35. Qxf4 Re6 36. Qxg4+ Rg6
37. Qe4 Qc3 38. Nf3 b6 39. h5 Re6 40. Nd4 Re8 41. Re3 Qc1+
42. Kh2 bxc5 43. Rg3+ Kh8 44. Qc6 1-0

[Event "33rd Bosnian Sarajevo"]
[Site "Sarajevo BIH"]
[Date "2003.05.24"]
[EventDate "2003.05.18"]
[Round "6"]
[Result "1-0"]
[White "Teimour Radjabov"]
[Black "Emir Dizdarevic"]
[WhiteElo "2644"]
[BlackElo "2491"]
[PlyCount "63"]

1. d4 d5 2. c4 c6 3. Nc3 Nf6 4. e3 e6 5. Nf3 Nbd7 6. Qc2 Bd6
7. g4 Nxg4 8. Rg1 Nh6 9. Bd2 Nf8 10. e4 dxe4 11. Nxe4 Nf5
12. Nxd6+ Qxd6 13. O-O-O Ng6 14. h4 Nge7 15. Bd3 f6 16. h5 Kf7
17. Rg4 b5 18. Bf4 Qb4 19. Rdg1 bxc4 20. Bxc4 Rg8 21. a3 Qb6
22. Nh4 Nd5 23. Nxf5 exf5 24. R4g3 a5 25. Rb3 Qa7 26. Bxd5+
cxd5 27. Qc6 Qa6 28. Qxd5+ Be6 29. Rb7+ Ke8 30. Re1 Rc8+
31. Kd2 Rc6 32. Qd7+ 1-0

[Event "6th European Individual"]
[Site "Warsaw POL"]
[Date "2005.07.01"]
[EventDate "2005.06.18"]
[Round "13"]
[Result "0-1"]
[White "Alexey Dreev"]
[Black "Teimour Radjabov"]
[WhiteElo "2705"]
[BlackElo "2673"]
[PlyCount "78"]

1. d4 Nf6 2. c4 g6 3. Nc3 Bg7 4. e4 d6 5. f3 O-O 6. Nge2 c5
7. d5 e6 8. Ng3 exd5 9. cxd5 h5 10. Be2 a6 11. a4 Nh7 12. Be3
Nd7 13. O-O h4 14. Nh1 f5 15. Qd2 Qf6 16. exf5 gxf5 17. Nf2 f4
18. Ng4 Qg5 19. Bf2 Ne5 20. Ne4 Qe7 21. Nxe5 Bxe5 22. Rae1 Bf5
23. Bd3 b5 24. Re2 h3 25. g4 Bxe4 26. Bxe4 Ng5 27. Kh1 Qg7
28. b3 Rab8 29. a5 Rbc8 30. Bh4 Nxe4 31. Rxe4 c4 32. bxc4 Rxc4
33. Rfe1 Bc3 34. Qf2 Bxe1 35. Rxe1 Qh7 36. Bg5 Qd3 37. Bh6 Rc2
38. Qf1 Qd2 39. Qg1 Rfc8 0-1

[Event "36th Olympiad"]
[Site "Mallorca ESP"]
[Date "2004.10.18"]
[EventDate "2004.10.15"]
[Round "4.4"]
[Result "1-0"]
[White "Teimour Radjabov"]
[Black "Jonathan Rowson"]
[WhiteElo "2663"]
[BlackElo "2577"]
[PlyCount "61"]

1. e4 c5 2. Nf3 d6 3. d4 cxd4 4. Nxd4 Nf6 5. Nc3 a6 6. Bg5 e6
7. f4 Qb6 8. Qd3 Qxb2 9. Rb1 Qa3 10. f5 Be7 11. Be2 Qa5
12. Bd2 Qc7 13. fxe6 fxe6 14. g4 h6 {#} 15. e5 dxe5 16. Qg6+
Kf8 17. Nf3 Bd7 18. g5 Be8 19. Qd3 hxg5 20. Nxg5 Bf7 21. Nxf7
Kxf7 22. Rg1 Bd8 23. Ne4 Nxe4 24. Qxe4 Nc6 25. Qg6+ Kf8
26. Rf1+ Bf6 27. Rxf6+ gxf6 28. Qxf6+ Kg8 29. Rb3 Rh7 30. Bh6
Qa5+ 31. Kf1 1-0

[Event "Cap D'Agde"]
[Site "Cap d'Agde FRA"]
[Date "2006.11.01"]
[EventDate "2006.10.30"]
[Round "2.2"]
[Result "1-0"]
[White "Teimour Radjabov"]
[Black "Andrei Volokitin"]
[WhiteElo "2729"]
[BlackElo "2645"]
[PlyCount "63"]

1. d4 Nf6 2. c4 d6 3. Nf3 g6 4. Nc3 Bf5 5. Qb3 Qc8 6. h3 c5
7. d5 Bg7 8. g4 Bd7 9. e4 O-O 10. Bf4 Na6 11. Be2 h5 12. gxh5
Nxh5 13. Bg5 Nf6 14. Nd2 Nc7 15. h4 e6 16. h5 exd5 17. Nxd5
Ncxd5 18. cxd5 Qe8 19. Qe3 Qe5 20. h6 Bh8 21. Nc4 Qd4 22. Qxd4
cxd4 23. Nxd6 Kh7 24. Rc1 Ne8 25. Nxb7 Rb8 26. Nc5 Bc8 27. Nd3
Ba6 28. Be7 Rg8 29. b3 Bf6 30. Bxf6 Nxf6 31. f3 Rb6 32. Rc7
1-0

[Event "Cap D'Agde"]
[Site "Cap d'Agde FRA"]
[Date "2006.10.30"]
[EventDate "2006.10.30"]
[Round "1.1"]
[Result "1-0"]
[White "Teimour Radjabov"]
[Black "Etienne Bacrot"]
[WhiteElo "2729"]
[BlackElo "2705"]
[PlyCount "55"]

1. d4 d5 2. c4 c6 3. Nc3 Nf6 4. Nf3 a6 5. e3 b5 6. c5 g6
7. Bd3 Bg7 8. h3 O-O 9. O-O Bf5 10. Bxf5 gxf5 11. Ne5 Nfd7
12. Nd3 e5 13. a4 exd4 14. exd4 Bxd4 15. axb5 Nxc5 16. Ne2 Ne6
17. Nxd4 Nxd4 18. Bh6 Re8 19. Nf4 Nxb5 20. Qh5 Qf6 21. Rac1
Kh8 22. Bg5 Qg7 23. Qh4 Nd7 24. Rxc6 Nd4 25. Nh5 Re4 26. f4
Nxc6 27. Nxg7 Kxg7 28. Qh6+ 1-0

[Event "Aeroflot Open 2005"]
[Site "Moscow RUS"]
[Date "2005.02.17"]
[EventDate "2005.02.15"]
[Round "3"]
[Result "1-0"]
[White "Teimour Radjabov"]
[Black "Artashes Minasian"]
[WhiteElo "2667"]
[BlackElo "2586"]
[PlyCount "56"]

1. e4 g6 2. d4 Bg7 3. Nc3 c6 4. f4 d5 5. e5 Nh6 6. Be3 f6
7. h3 fxe5 8. dxe5 Nf5 9. Bf2 h5 10. Nf3 Nd7 11. Bd3 Nf8
12. Qd2 Be6 13. Ne2 Qc7 14. O-O-O O-O-O 15. Ng5 Bh6 16. g4 Ng7
17. Nxe6 Ngxe6 18. g5 Bg7 19. c3 Kb8 20. Qc2 Rg8 21. Kb1 Bh8
22. c4 Qa5 23. a3 Rg7 24. Ka2 Nc5 25. b4 Nxd3 26. bxa5 Nxf2
27. cxd5 cxd5 28. Rc1 e6 1-0

[Event "Morelia-Linares"]
[Site "Morelia/Linares MEX/ESP"]
[Date "2008.02.22"]
[EventDate "2008.02.15"]
[Round "6"]
[Result "1-0"]
[White "Teimour Radjabov"]
[Black "Magnus Carlsen"]
[WhiteElo "2735"]
[BlackElo "2733"]
[PlyCount "85"]

1. e4 e5 2. Nf3 Nc6 3. Bb5 Nf6 4. d3 Bc5 5. c3 O-O 6. O-O d5
7. Nbd2 dxe4 8. Nxe4 Nxe4 9. dxe4 Qf6 10. Qe2 Bg4 11. h3 Bxf3
12. Qxf3 Qxf3 13. gxf3 Ne7 14. f4 c6 15. Bc4 exf4 16. Bxf4 Ng6
17. Bg3 Rfe8 18. Rfe1 Rad8 19. Rad1 Rxd1 20. Rxd1 Rxe4
21. Rd8+ Nf8 22. Bd3 Re1+ 23. Kg2 a5 24. Ra8 Rd1 25. Bc4 Bb6
26. Rb8 Rd7 27. Ba6 bxa6 28. Rxb6 f6 29. Rxa6 Rd2 30. b4 axb4
31. cxb4 Rb2 32. Bd6 Ne6 33. a4 Rc2 34. a5 Kf7 35. Bc5 Nf4+
36. Kf3 Nd5 37. Rb6 Rc4 38. Rb7+ Kg6 39. a6 Rc3+ 40. Kg2 Nf4+
41. Kg1 Nxh3+ 42. Kh2 Nf4 43. Be3 1-0